01439cam a2200289 i 450000500170000000800410001702000150005802000180007304000380009104100080012904400070013708200210014410000370016524502260020225000230042826000610045130000550051249000440056750000230061152002690063465000400090365000400094365000430098365000450102670000400107170000380111120170623020003.0170214s2013 ck ao r 001 0 spa d a9589967132 a9789589967133 aZZANDcZZANDdCO-BoPUJcCO-BoIAvH aspa ack04a591.986196bU72g1 aUrbano Bonilla, Alexandereautor10aGuía de campo : bflora y fauna de las sabanas inundables asociadas a la Cuenca del Río Pauto, Casanare-ColombiacAlexander Urbano-Bonilla [y otros siete] ; editores Carolina Mora-Fernández y Lourdes Peñuela-Recio aPrimera edición. aBogotá:bYoluka; bFundación Horizonte Verde,c2013. a350 páginasbilustraciones, fotos a colorc22 cm1 aSerie biodiversidad para la sociedadv3 aContiene índice. aLas sabanas inundables corresponden al 12.5% del área de la cuenca del Orinoco, presentes en los departamentos de Casanare y Arauca, siendo este el ecosistema estratégico de gran importancia económica, biológica y cultural para la región de la Orinoquia.14aFlorazCasanare (Colombia)vGuías24aFaunazCasanare (Colombia)vGuías24aEspecieszCasanare (Colombia)vGuías24aEcologíazCasanare (Colombia)vGuías1 aMora Fernández, Carolinaeeditora1 aPeñuela Recio, Lourdeseeditora